Quizzes
Events
Quiz Creation
Community
Videos
Private Events
Remove Ads
Sign In
Join for FREE
Feedback
Dark Mode
Quiz Categories
Sports
Geography
Music
Movies
Television
Just For Fun
Miscellaneous
History
Literature
Language
Science
Gaming
Entertainment
Religion
Holiday
For Kids
Quiz Lab
Recent
Popular Today
Quiz Kudos Today
Editor Picks
Curator Picks
Quizzes by...
Day
Popularity
Type
Ratings
Length
Year
Community
Subscriptions
Recent Discussions
Orange Saloon
Badges
Playlists
Quests
Create
Leaderboards
Showdown
Live 5
Trivia Bingo
Activity
Puzzle Library
Sporcle Events
Private Events
Virtual Trivia
Globe League
Become a Host
Pub Owners
SporcleCon
Opinionation
Our Games
Videos
Blog
Mobile Apps
Partnerships
Remove Ads and Go Orange
Feedback
Music
Pop Music
The Beatles
Song
Album
Lyrics
Bands
Singers
Artist
Clip
Rock
Rap
Classical
Billboard
Country Music
Kpop
Taylor Swift
Music
Pop Music
The Beatles
Song
Album
Lyrics
Bands
Singers
Artist
Clip
Rock
Rap
Classical
Billboard
Country Music
Kpop
Taylor Swift
Random Quiz
Search Sporcle
×
Quiz Lab
Quiz Lab
Music
Album
Type in answers that appear in a list
Type in answers that appear in a list
Classic
Best Score? Go Orange.
Blue October Songs Stats
Can you name the songs from the Blue October's studio albums? ?
By
demba
15m
61 Questions
105 Plays
105 Plays
105 Plays
Comments
Comments
Give Quiz Kudos
Give Quiz Kudos
-
- Ratings
hide this ad
Replay
Link that replays current quiz
Next Quiz
Link to next quiz in quiz playlist
You Got
0%
They Got
Avg Score
65%
Avg Friend Score
Upgrade to see
Score Distribution
Jump to the score distribution portion of the page
Score
0/61
Timer
15:00
0
Plays Today
Album
% Correct
Foiled
Hate Me
93.3%
Foiled
Into the Ocean
84.8%
The Answers
The Answer
83.8%
Consent to Treatment
The Answer
83.8%
Foiled
18th Floor Balcony
83.8%
History for Sale
Calling You
79%
Approaching Normal
Blue Skies
79%
Approaching Normal
Dirt Room
78.1%
Foiled
Congratulations
75.2%
Foiled
X Amount of Words
74.3%
Approaching Normal
Blue Does
74.3%
Approaching Normal
Jump Rope
74.3%
Consent to Treatment
HRSA
73.3%
Approaching Normal
Say It
73.3%
History for Sale
Razorblade
72.4%
Foiled
You Make Me Smile
72.4%
Approaching Normal
Weight of the World
72.4%
The Answers
Black Orchid
71.4%
Foiled
She's My Ride Home
71.4%
The Answers
Breakfast After 10
68.6%
Consent to Treatment
Breakfast After 10
68.6%
Foiled
Overweight
68.6%
Foiled
Drilled a Wire Through My Cheek
68.6%
Approaching Normal
Kangaroo Cry
68.6%
Consent to Treatment
James
66.7%
The Answers
Italian Radio
65.7%
Consent to Treatment
Independently Happy
64.8%
History for Sale
Clumsy Card House
64.8%
History for Sale
Inner Glow
64.8%
Approaching Normal
My Never
64.8%
Approaching Normal
Picking Up The Pieces
64.8%
Album
% Correct
History for Sale
Come In Closer
63.8%
Foiled
What If We Could
63.8%
Foiled
Let It Go
63.8%
Foiled
Everlasting Friend
63.8%
The Answers
For My Brother
62.9%
History for Sale
Ugly Side
62.9%
Foiled
Sound of Pulling Heaven Down
62.9%
Consent to Treatment
Drop
61.9%
Consent to Treatment
Libby I'm Listening
61.9%
Consent to Treatment
Angel
61%
Consent to Treatment
Amnesia
61%
History for Sale
Sexual Power Trip (One Big Lie) Bla Bla
61%
Approaching Normal
Been Down
61%
Consent to Treatment
Balance Beam
60%
History for Sale
Chameleon Boy
60%
Approaching Normal
Should Be Loved
57.1%
The Answers
Mr. Blue's Menu
56.2%
Consent to Treatment
Schizophrenia
56.2%
The Answers
2 A.M. Lovesick
55.2%
The Answers
Blue Sunshine
54.3%
History for Sale
A Quiet Mind
53.3%
History for Sale
3 Weeks, She Sleeps
51.4%
History for Sale
Somebody
51.4%
The Answers
Sweet and Somber Pigeon Wings
50.5%
Consent to Treatment
Holler
50.5%
The Answers
The 21st
49.5%
Consent to Treatment
Conversation Via Radio (Do You Ever Wonder)
48.6%
The Answers
Darkest Side of Houston's Finest Day
47.6%
The Answers
Tomorrow
43.8%
The Answers
Weaknesses
41.9%
Quiz Playlist
Details
Report
Send in Message
Add To Playlist
Classic:
Type in answers that appear in a list
Last Updated: Feb 16, 2017
Quiz Scoreboard
CHALLENGE
Sign Up to Join the Scoreboard
Show All
Scores
Hide
Comments
May contain spoilers
Recently Published
Street Fighter Characters
by Artimus82
Gaming
60s
9x9 Crossword: Cartoon Network
by jackfrog10
Miscellaneous
3m
College Basketball Coaching Resumes
by pancakes188
Sports
9m
More to Explore
Quiz From the Vault
Featured Blog Post
Where Did the Easter Bunny Come From?
hide this ad
You Might Also Like...
Tags
Album Quiz
Song Quiz
blue
Blue October
October
studio
Today's Top Quizzes in Music
Browse Music
hide this ad
Today's Top Quizzes in Album
Browse Album
Top Contributed Quizzes in Music
1
Taylor Swift All Songs (2024)
2
Guess the Artist- 70s Songs
3
7-to-1: Billboard Hot 100 #1 Hits of 2010s
4
Taylor Swift Logic Puzzle
5
Sorting Albums and Songs
6
KPOP LOGIC QUIZ
7
Guess the Taylor Swift song (Mystery Song)
8
Guess The Taylor Swift Lyrics Song #1
9
Billboard Blitz: ABBA
10
Billboard Blitz: The Beatles
Explore More
Trending Topics
Kpop
NBA
Disney
Crossword
Harry Potter
Anime
Marvel
Song
Puzzle
The Office
Country
Soccer
WWE
NFL
Pokémon
hide this ad
More By:
demba
Quiz
Plays
Rating
Category
Featured
Created
Pearl Jam Greatest Hits
577
5.00
Music
Mar 1, 2010
Blue October Songs
105
5.00
Music
Mar 1, 2010
Go to Creator's Profile
Score Distribution
Quiz Creator Spotlight
demba
Follow
Send a Message
Quizzes Created
-
Created Quiz Play Count
-
More By This Creator
Popular Quizzes Today
1
Find the US States - No Outlines Minefield
2
Find the Countries of Europe - No Outlines Minefield
3
The Countries of the World
4
Find the US States
5
Risky Map Clicking: Biggest States A-Z
6
US States
7
Popular People in 1961
8
Movies - When Are They Set?
More Music Quizzes
Musical Instrument by Necklace
Published
Trending Quizzes
Risky Map Clicking: Least Populous States A-Z
1-10 Letter G Words
Risky Map Clicking: Next State Alphabetically
Adjectives in 80s TV Shows
The Seven Year Switch: Catherine
Recently Updated
Leaping Animals
pecheneg
Reality TV Shows (A-Z)
bhenderson79
Rickey Henderson's Hall of Fame Teammates
pecheneg
Champions League XIs: Arsenal
pecheneg
Quick Pick: Celebrities in WWE's Hall of Fame
aduchscher
A-Z Keypad Blitz II
pecheneg
Multiple Oscar Actors
pecheneg
Mystery Phrase Blitz: Oscar 'Best Actors'
pecheneg
F. Scott Fitzgerald Novels
LTH
Pick 3 Villains
ddd62291
Trending Topics
Harry Potter
Kpop
Marvel
Disney
Anime
Crossword
NBA
WWE
Soccer
Puzzle
Country
Song
NFL
The Office
Pokémon
Your Account Isn't Verified!
In order to create a playlist on Sporcle, you need to verify the email address you used during registration. Go to your
Sporcle Settings
to finish the process.
Report this User
Report this user for behavior that violates our
Community Guidelines
.
Details:
Send Report
Go to the Sporcle.com Mobile Site →
Comments